00411nam a2200121 a 450000500170000000800410001702000180005805000270007624500480010326000450015130000080019650000850020420140412111414.0070702s19uu xx 00 eng d a0-382-32536-2 aTR(GS 372.83bW11 1995 aKindergarten Place: Teacher resource guide. aNew Jersy :bSilver Burdett Ginn,c1995. a191 aincludes a walk through my community, My family your family, How big is my world